000 00426nam a2200157Ia 4500
003 GCL
008 140319s9999 xx 000 0 ara d
040 _aGCL /
_cGCL
082 0 4 _aد
_b050
100 1 _aمحمد زكى عبدالقادر
245 1 0 _aقالت له (اقرا 307 ) /
_cمحمد زكى عبدالقادر
300 _a144
490 _aاقرأ
_v0
650 0 4 _aالقصص القصيرة
942 _2ddc
_cBK
999 _c48820
_d48820